| 000 | 00922nam0a22002411 4500 | ||
|---|---|---|---|
| 001 | rc\2625918 | ||
| 005 | 20230504122422.0 | ||
| 035 | _a(NLR Aleph) 006789480 | ||
| 090 |
_a6128686 _c6128686 |
||
| 100 | _a20110914d1931 |||y0rusy50 ca | ||
| 101 | 0 | _arus | |
| 102 | _aRU | ||
| 105 | _ay j ||||| | ||
| 200 | 1 |
_aРеволюционная роль советского права _eХрестоматия-пособие для курса "Введение в советское право" _fП. Стучка |
|
| 210 |
_aМосква _cОгиз - Советское законодательство _d1931 _gтип. "Советское законодательство" |
||
| 215 |
_a213, [3] с. _d22х15 см. |
||
| 700 | 1 |
_aСтучка _bП. И. _f1865-1932 _gПетр Иванович |
|
| 801 | 0 |
_aRU _bNLR _gpsbo |
|
| 801 | 1 |
_aRU _bELAR _2rusmarc |
|
| 852 |
_aNLR _j32-4/67 |
||
| 942 | _cBOOK | ||
| 980 | _aNB | ||